000 00340nam a22001337a 4500
020 _a978 93 91934 19 4
082 _a82-3=214.21
_bRUP
100 _aRUPA DEVI, Comp.
245 _aMein Hindi hun (Hindi)
260 _aHyderabad
_bGeeta Prakashan
_c2022
300 _a167p.
500 _aCollection of articles, poems & stories
942 _cBK
999 _c74971
_d74971